000 00389nam a2200169Ia 4500
003 STCL
008 181203s9999 xx 000 0 und d
020 _a9780857500649
040 _aSTCL
_bEN
_cSTCL
082 _222
100 _aKhan, Imran
245 0 _aPakistan: A Personal History
260 _bBantam Books
_aLondon
_c2011
300 _a430
546 _aEnglish
942 _2ddc
_cBK
999 _c83511
_d83511